Movies Quiz

Random Movies or Actor Quiz

4 Decades of Movie Actors Quiz Stats

 Plays Quiz Updated Sep 13, 2019

Score 0/24 Timer 04:00
1 Play Today
Question Answer Wrong Answers
Tom Hanks
Sully
2010s
87.3%
1980s
1.6%
1990s
2.2%
2000s
5.5%
Tom Cruise
Risky Business
1980s
84.8%
1990s
9.3%
2000s
2%
2010s
0.5%
Eddie Murphy
Trading Places
1980s
82.3%
1990s
10.4%
2000s
3.1%
2010s
0.7%
Tom Hanks
Big
1980s
81.8%
1990s
12.7%
2000s
1.6%
2010s
0.5%
Morgan Freeman
Million Dollar Baby
2000s
80.6%
1980s
1%
1990s
8.6%
2010s
6.2%
Tom Cruise
A Few Good Men
1990s
79.1%
1980s
13.3%
2000s
4%
2010s
0.3%
Morgan Freeman
Se7en
1990s
78.6%
1980s
2.8%
2000s
14%
2010s
1.1%
Tom Hanks
Apollo 13
1990s
78.5%
1980s
3.7%
2000s
13.1%
2010s
1.2%
Bruce Willis
Twelve Monkeys
1990s
77.3%
1980s
7.7%
2000s
10.5%
2010s
1.1%
Tom Hanks
Catch Me If You Can
2000s
76.2%
1980s
1.3%
1990s
15.5%
2010s
3.6%
Bruce Willis
Die Hard
1980s
74.9%
1990s
20.3%
2000s
1.3%
2010s
0.2%
Bruce Willis
Sin City
2000s
73.4%
1980s
3%
1990s
14%
2010s
6.1%
Denzel Washington
Malcolm X
1990s
71.6%
1980s
9.1%
2000s
14.2%
2010s
1.7%
Tom Cruise
Edge of Tomorrow
2010s
71.4%
1980s
2.2%
1990s
5.6%
2000s
17.5%
Eddie Murphy
The Nutty Professor
1990s
71.3%
1980s
5.1%
2000s
19.6%
2010s
0.5%
Tom Cruise
Minority Report
2000s
70.6%
1980s
2%
1990s
20.9%
2010s
3.1%
Denzel Washington
Flight
2010s
70.4%
1980s
2.2%
1990s
6%
2000s
18.1%
Denzel Washington
Training Day
2000s
65.4%
1980s
2.7%
1990s
25.6%
2010s
2.7%
Eddie Murphy
Dreamgirls
2000s
63.2%
1980s
6.6%
1990s
15.5%
2010s
11.1%
Morgan Freeman
Driving Miss Daisy
1980s
59.1%
1990s
33.3%
2000s
3.4%
2010s
0.6%
Bruce Willis
Red
2010s
49.1%
1980s
5.8%
1990s
9.5%
2000s
32.1%
Eddie Murphy
Tower Heist
2010s
47.8%
1980s
9.9%
1990s
13.6%
2000s
25%
Denzel Washington
Cry Freedom
1980s
47.7%
1990s
29.5%
2000s
13.3%
2010s
5.9%
Morgan Freeman
Dolphin Tale
2010s
37.1%
1980s
11.1%
1990s
16%
2000s
32.3%

You're not logged in!

Compare scores with friends on all Sporcle quizzes.
OR
Log In

Sporcle TV

Today on Sporcle TV


Watch our educational content, quiz creation guides, and fun videos on Sporcle TV.

Show Comments

Extras

Top Quizzes Today


Score Distribution

Your Account Isn't Verified!

In order to create a playlist on Sporcle, you need to verify the email address you used during registration. Go to your Sporcle Settings to finish the process.

Report this User

Report this user for behavior that violates our Community Guidelines.

Details: